00643nam a22002057a 450000500170000001000110001702000100002803500110003803700160004904000120006508200150007710000200009224501890011226000330030127000140033430000250034850000200037365000240039365000200041720170124110042.0 a118946 c00.00 a118946 bCen Lib/Ret aDPLbEN a880.9bFUL aFullerton, B.M. aSelected bibliography of american literature 1775-1900 :cby B. M. Fullerton ba brief estimste of the more omportant american authors and a description of their repersentetive works / aNew York bDial Press c1936 bNew York  axii, 327p.c23cm(Hb) aIncludes index  aAmerican lietrature aBibliographies